[Event "11th Hainan Danzhou GM"]
[Site "chess.com INT"]
[Date "2020.12.07"]
[Round "8.2"]
[White "Rapport, Richard"]
[Black "Ding, Liren"]
[Result "1/2-1/2"]
[WhiteTitle "GM"]
[BlackTitle "GM"]
[WhiteElo "2759"]
[BlackElo "2791"]
[WhiteFideId "738590"]
[BlackFideId "8603677"]
[EventDate "2020.12.03"]

1. c4 Nf6 2. Nc3 e5 3. e3 Nc6 4. g4 d5 5. g5 d4 6. gxf6 dxc3 7. fxg7 cxd2+ 8.
Bxd2 Bxg7 9. Bc3 Be6 10. Qb3 Rb8 11. Bg2 O-O 12. Bd5 Ne7 13. Bxe6 fxe6 14. Ne2
Ng6 15. c5 Nh4 16. Qxe6+ Kh8 17. f4 Qd3 18. Rg1 Qxe3 19. Rg3 Nf3+ 20. Kf1 Nxh2+
21. Ke1 Nf3+ 22. Kf1 Nh2+ 23. Ke1 Nf3+ 24. Kf1 Nh2+ 1/2-1/2

[Event "11th Hainan Danzhou GM"]
[Site "chess.com INT"]
[Date "2020.12.07"]
[Round "9.1"]
[White "Giri, Anish"]
[Black "Wang, Hao"]
[Result "1-0"]
[WhiteTitle "GM"]
[BlackTitle "GM"]
[WhiteElo "2764"]
[BlackElo "2763"]
[WhiteFideId "24116068"]
[BlackFideId "8602883"]
[EventDate "2020.12.03"]

1. d4 d5 2. c4 dxc4 3. Nf3 Nf6 4. e3 e6 5. Bxc4 c5 6. O-O Nc6 7. Nc3 a6 8. d5
Nxd5 9. Nxd5 Na5 10. b3 Nxc4 11. bxc4 exd5 12. cxd5 Bd6 13. e4 f6 14. a4 O-O 15.
a5 b5 16. axb6 Qxb6 17. Qc2 Qc7 18. h3 f5 19. e5 Bxe5 20. Nxe5 Qxe5 21. Ra5 f4
22. f3 Bf5 23. Qc4 Qd4+ 24. Qxd4 cxd4 25. Rd1 Rac8 26. Bxf4 d3 27. Rxa6 Rc2 28.
d6 Re8 29. Ra5 Rf8 30. Bg5 h6 31. Rxf5 Rxf5 32. d7 Rxg2+ 33. Kh1 Rd5 34. d8=Q+
Rxd8 35. Bxd8 Rg3 36. Rxd3 Rxh3+ 37. Kg2 Rh5 38. Rd7 Rf5 39. Bb6 g5 40. Kg3 Rf7
41. Rd6 Kh7 42. Be3 Re7 43. Bd2 Rb7 44. Kg4 Rb3 45. Rc6 h5+ 46. Kxh5 Rxf3 47.
Rc7+ Kg8 48. Bb4 Rf6 49. Bc3 Re6 50. Kg4 Kf8 51. Kf5 Ra6 52. Bf6 Ke8 53. Re7+
Kf8 54. Kg6 g4 55. Rd7 Re6 56. Rd8+ Re8 57. Rd4 Re6 58. Rxg4 Ke8 59. Rd4 Kf8 60.
Rd7 Re2 61. Kf5 Ke8 62. Ra7 Re1 63. Be5 Kd8 64. Ke6 Kc8 65. Rc7+ Kd8 66. Rc2 Re4
67. Rg2 1-0

[Event "11th Hainan Danzhou GM"]
[Site "chess.com INT"]
[Date "2020.12.07"]
[Round "9.2"]
[White "Yu, Yangyi"]
[Black "Topalov, Veselin"]
[Result "1/2-1/2"]
[WhiteTitle "GM"]
[BlackTitle "GM"]
[WhiteElo "2709"]
[BlackElo "2735"]
[WhiteFideId "8603820"]
[BlackFideId "2900084"]
[EventDate "2020.12.03"]

1. d4 d5 2. c4 c6 3. Nf3 Nf6 4. Nc3 dxc4 5. a4 Bf5 6. e3 e6 7. Bxc4 Bb4 8. O-O
O-O 9. Qe2 Ne4 10. Bd3 Bxc3 11. Bxe4 Bb4 12. Bd2 Bxd2 13. Nxd2 a5 14. Bxf5 exf5
15. Nb3 Na6 16. Rac1 Nb4 17. Nc5 Qe7 18. g3 Rfd8 19. Rfd1 g6 20. Qf3 h5 21. h4
Kg7 22. Nd3 Qe6 23. Nc5 Qe7 24. Qf4 Rd5 25. Nd3 Rad8 26. b3 Nxd3 27. Rxd3 c5 28.
Rcd1 b6 29. Qf3 Qe4 30. Qe2 Kg8 31. f3 Qe7 32. dxc5 Qxc5 33. Rxd5 Rxd5 34. Kf2
Qd6 35. Rxd5 Qxd5 36. Qc2 Qd6 37. Qc8+ Kg7 38. Qc3+ Kg8 39. Qc8+ Kg7 40. Qc3+
Kg8 41. Qc8+ 1/2-1/2

[Event "11th Hainan Danzhou GM"]
[Site "chess.com INT"]
[Date "2020.12.07"]
[Round "9.3"]
[White "Grischuk, Alexander"]
[Black "Rapport, Richard"]
[Result "1/2-1/2"]
[WhiteTitle "GM"]
[BlackTitle "GM"]
[WhiteElo "2777"]
[BlackElo "2759"]
[WhiteFideId "4126025"]
[BlackFideId "738590"]
[EventDate "2020.12.03"]

1. e4 e5 2. Nf3 Nc6 3. Bc4 Bc5 4. c3 Nf6 5. d3 h6 6. O-O d6 7. Re1 a6 8. a4 O-O
9. h3 Re8 10. Nbd2 Ba7 11. b4 Be6 12. Bxe6 Rxe6 13. Qc2 Qd7 14. Nf1 d5 15. Be3
d4 16. cxd4 Nxd4 17. Bxd4 Bxd4 18. Nxd4 Qxd4 19. Qxc7 Qxd3 20. Qxb7 Qd8 21. Red1
Qb8 22. Qxb8+ Rxb8 23. f3 Rxb4 24. Ne3 g6 25. a5 Kg7 26. Rdb1 Rxb1+ 27. Rxb1 Rc6
28. Rb6 Rxb6 29. axb6 Nd7 30. b7 Nb8 31. Kf2 h5 32. h4 Kf6 33. g4 a5 34. gxh5
gxh5 35. Ke2 Ke6 36. Kd3 a4 37. Nf5 Kd7 38. Ng7 Kc7 39. Nxh5 Nd7 40. Kc4 Kxb7
41. Kb4 Kc6 42. Ng7 Kd6 43. h5 Ke7 44. Kxa4 Kf6 45. Nf5 Nc5+ 46. Kb4 Nd3+ 47.
Kc3 Ne1 48. Nh4 Kg5 49. Kd2 Kxh5 50. Kxe1 Kxh4 51. Kf2 Kg5 52. Kg3 f5 53. exf5
Kxf5 54. Kf2 e4 55. fxe4+ Kxe4 1/2-1/2

[Event "11th Hainan Danzhou GM"]
[Site "chess.com INT"]
[Date "2020.12.07"]
[Round "10.1"]
[White "Wang, Hao"]
[Black "Ding, Liren"]
[Result "1/2-1/2"]
[WhiteTitle "GM"]
[BlackTitle "GM"]
[WhiteElo "2763"]
[BlackElo "2791"]
[WhiteFideId "8602883"]
[BlackFideId "8603677"]
[EventDate "2020.12.03"]

1. d4 Nf6 2. c4 e6 3. Nc3 Bb4 4. Qc2 O-O 5. a3 Bxc3+ 6. Qxc3 d5 7. Bg5 dxc4 8.
Qxc4 b6 9. Rd1 Ba6 10. Qa4 h6 11. Bh4 Qe7 12. Nf3 Rd8 13. Ne5 c5 14. f3 b5 15.
Qa5 Rxd4 16. Rxd4 cxd4 17. Ng4 Bb7 18. Qxb5 Bd5 19. e4 dxe3 20. Bxf6 gxf6 21.
Nxe3 Nc6 22. Be2 Rb8 23. Nxd5 exd5 24. Qxc6 Rxb2 25. Qc8+ Kg7 26. Qg4+ Kh8 27.
Qc8+ Kg7 28. Qg4+ Kh8 29. Qc8+ Kg7 1/2-1/2

[Event "11th Hainan Danzhou GM"]
[Site "chess.com INT"]
[Date "2020.12.07"]
[Round "10.3"]
[White "Rapport, Richard"]
[Black "Yu, Yangyi"]
[Result "1-0"]
[WhiteTitle "GM"]
[BlackTitle "GM"]
[WhiteElo "2759"]
[BlackElo "2709"]
[WhiteFideId "738590"]
[BlackFideId "8603820"]
[EventDate "2020.12.03"]

1. c4 c6 2. e4 d5 3. exd5 cxd5 4. d4 Nf6 5. Nc3 e6 6. Nf3 Be7 7. Bd3 dxc4 8.
Bxc4 O-O 9. O-O Nc6 10. Re1 b6 11. a3 Bb7 12. Ba2 Rc8 13. Qd3 Re8 14. Bf4 Nh5
15. Be3 Bd6 16. Rad1 Nf4 17. Bxf4 Bxf4 18. d5 exd5 19. Qf5 Rxe1+ 20. Rxe1 Bh6
21. Nxd5 g6 22. Qg4 Bg7 23. Qf4 Qd7 24. Ng5 Ne5 25. Nf6+ Bxf6 26. Qxf6 Qf5 27.
Qxf5 gxf5 28. h3 Rc5 29. b4 Rc2 30. Bb1 Rb2 31. Bxf5 h6 32. Rxe5 hxg5 33. Re7
Bd5 34. Rxa7 Ra2 35. a4 Ra1+ 36. Kh2 Ra2 37. Kg3 Kg7 38. a5 bxa5 39. Rxa5 Rd2
40. Bg4 Rd3+ 41. f3 Rd4 42. Rc5 Kg6 43. Bc8 f5 44. b5 f4+ 45. Kf2 Kf6 46. b6 Bf7
47. Rb5 Rd1 48. Rb4 1-0

[Event "11th Hainan Danzhou GM"]
[Site "chess.com INT"]
[Date "2020.12.07"]
[Round "10.4"]
[White "Topalov, Veselin"]
[Black "Giri, Anish"]
[Result "0-1"]
[WhiteTitle "GM"]
[BlackTitle "GM"]
[WhiteElo "2735"]
[BlackElo "2764"]
[WhiteFideId "2900084"]
[BlackFideId "24116068"]
[EventDate "2020.12.03"]

1. d4 Nf6 2. Nf3 d5 3. c4 e6 4. Nc3 Bb4 5. cxd5 exd5 6. Qa4+ Nc6 7. Bg5 h6 8.
Bxf6 Qxf6 9. e3 O-O 10. Be2 Be6 11. a3 Bxc3+ 12. bxc3 Ne7 13. O-O Nc8 14. Qb3
Nd6 15. a4 Rfc8 16. a5 c5 17. Ne5 Qd8 18. Bf3 c4 19. Qb4 g6 20. Bd1 Kg7 21. Bc2
h5 22. Rfb1 Rc7 23. Rb2 Bf5 24. Bxf5 Nxf5 25. Qb5 Qd6 26. Rab1 Qe6 27. Qa4 Nd6
28. Qa3 Re8 29. h3 f6 30. Nf3 g5 31. e4 dxe4 32. d5 Qxd5 33. Rd2 Nb5 34. Rxd5
Nxa3 35. Re1 Nc2 36. Re2 Rce7 37. Rxc2 exf3 38. gxf3 Kg6 39. Kg2 Re1 40. h4 gxh4
41. Rd4 Ra1 42. Rxh4 Ree1 43. f4 Rxa5 44. Rd2 Rc5 45. Rd7 Rb1 46. Rh3 a5 47. Kf3
a4 48. Rg3+ Kf5 49. Rh7 Rh1 50. Rxb7 Ra5 51. Rf7 Ra8 52. Rg5+ Ke6 53. Rgg7 a3
54. Ra7 Rxa7 55. Rxa7 Ra1 56. Ra6+ Kf5 57. Ra5+ Kg6 58. Kg2 h4 59. Ra4 a2 60.
Ra5 f5 61. Kh2 Kf6 62. Kg2 Ke6 63. Kh2 Kd6 64. Kg2 Kc6 65. Kh2 Kb6 66. Ra8 Kb5
67. Kg2 h3+ 68. Kh2 Rc1 69. Rxa2 Rxc3 70. Re2 Rf3 71. Re5+ Kb4 72. Rxf5 c3 73.
Rf8 c2 74. Rc8 Rc3 0-1

[Event "11th Hainan Danzhou GM"]
[Site "chess.com INT"]
[Date "2020.12.08"]
[Round "11.2"]
[White "Giri, Anish"]
[Black "Rapport, Richard"]
[Result "1/2-1/2"]
[WhiteTitle "GM"]
[BlackTitle "GM"]
[WhiteElo "2764"]
[BlackElo "2759"]
[WhiteFideId "24116068"]
[BlackFideId "738590"]
[EventDate "2020.12.03"]

1. Nf3 Nf6 2. c4 b6 3. g3 Bb7 4. Bg2 e6 5. O-O Be7 6. d4 O-O 7. Re1 a5 8. Bf4 d6
9. Qc2 Na6 10. Nc3 c5 11. d5 exd5 12. Nh4 Rb8 13. cxd5 Nh5 14. Nf5 Nxf4 15. gxf4
Re8 16. e4 Nb4 17. Qd2 Ba6 18. Re3 c4 19. Bf1 Bf6 20. Rae1 Qd7 21. Bh3 Qd8 22.
Bf1 Qd7 23. Bh3 Qd8 24. Bf1 1/2-1/2

[Event "11th Hainan Danzhou GM"]
[Site "chess.com INT"]
[Date "2020.12.08"]
[Round "11.4"]
[White "Grischuk, Alexander"]
[Black "Ding, Liren"]
[Result "1/2-1/2"]
[WhiteTitle "GM"]
[BlackTitle "GM"]
[WhiteElo "2777"]
[BlackElo "2791"]
[WhiteFideId "4126025"]
[BlackFideId "8603677"]
[EventDate "2020.12.03"]

1. e4 e5 2. Nc3 Nf6 3. Bc4 Bc5 4. d3 c6 5. Nf3 d6 6. O-O O-O 7. Ne2 h6 8. Ng3
Re8 9. c3 d5 10. Bb3 dxe4 11. dxe4 Qxd1 12. Rxd1 Nbd7 13. Bc2 a5 14. a4 Nf8 15.
h3 Ng6 16. Nf1 Be6 17. Be3 Bf8 18. Ng3 Red8 19. Nf5 Rxd1+ 20. Rxd1 Nd7 21. g3
Ne7 22. g4 Ng6 23. Kg2 b5 24. Kg3 Rb8 25. axb5 cxb5 26. h4 b4 27. Ba4 Nf6 28.
Nd2 bxc3 29. bxc3 h5 30. f3 hxg4 31. fxg4 Rd8 32. h5 Nf4 33. Bxf4 exf4+ 34. Kxf4
g6 35. hxg6 fxg6 36. Nd4 Bxg4 37. Bb3+ Kh7 38. Rh1+ Bh5 39. N2f3 Bh6+ 40. Ng5+
Bxg5+ 41. Kxg5 Nxe4+ 42. Kf4 Nxc3 43. Ne6 Rb8 44. Bc2 Kh6 45. Ke5 Rb5+ 46. Kd4
Ne2+ 47. Kc4 Rb2 48. Bd3 Rb4+ 49. Kc5 Nf4 50. Nxf4 Rxf4 51. Ra1 a4 52. Bc2 Rf2
53. Bxa4 Bf3 54. Kd4 Re2 55. Bb5 Re4+ 56. Kd3 Re5 57. Bc4 g5 58. Kd2 g4 59. Re1
Rf5 60. Be6 Rf6 61. Bxg4 Bxg4 62. Re5 Bf5 63. Ke3 Kg5 64. Re8 Rd6 65. Rg8+ Bg6
66. Rf8 Rd3+ 67. Ke2 Ra3 68. Rg8 Kf5 69. Kd2 Kf6 70. Ke2 Bf5 71. Re8 Kg5 72. Rd8
Kf4 73. Kd2 Be4 74. Rf8+ Ke5 75. Re8+ Kd4 76. Rd8+ Bd5 77. Rd7 Ra2+ 78. Kd1 Ke4
79. Kc1 Bc4 80. Rd2 Ra8 81. Kc2 Rc8 82. Rh2 Bd3+ 83. Kb3 Kd4 84. Rh4+ Be4 85.
Kb4 Rb8+ 86. Ka4 Kd5 87. Ka3 Bd3 88. Rb4 Rg8 89. Kb3 Rg3 90. Rb8 Be4+ 91. Kb4
Kd4 92. Rh8 Rg4 93. Rh2 Bd5 94. Kb5 Be4 95. Kb4 Rg8 96. Rh4 Rb8+ 97. Ka4 Rb1 98.
Rg4 Kd5 99. Ka3 Bd3 100. Rb4 Rc1 101. Kb2 Rc2+ 102. Kb3 Rc8 103. Rh4 Be4 104.
Rg4 Kd4 105. Rh4 Rb8+ 106. Ka4 1/2-1/2

[Event "11th Hainan Danzhou GM"]
[Site "chess.com INT"]
[Date "2020.12.08"]
[Round "11.1"]
[White "Topalov, Veselin"]
[Black "Wang, Hao"]
[Result "1-0"]
[WhiteTitle "GM"]
[BlackTitle "GM"]
[WhiteElo "2735"]
[BlackElo "2763"]
[WhiteFideId "2900084"]
[BlackFideId "8602883"]
[EventDate "2020.12.03"]

1. e4 e5 2. Nf3 Nc6 3. d3 Nf6 4. c3 d5 5. Nbd2 a5 6. Be2 g6 7. b3 Bg4 8. O-O
Bxf3 9. Nxf3 dxe4 10. Ng5 exd3 11. Bxd3 h6 12. Ne6 Qd6 13. Nxf8 Kxf8 14. Qe2 Kg7
15. Bc4 Rad8 16. a4 Nd5 17. Qf3 Nce7 18. Re1 g5 19. Ba3 Qf6 20. Qe4 c6 21. Qxe5
Qxe5 22. Rxe5 Ng6 23. Ree1 Rd7 24. Bd3 Nde7 25. Bf1 b6 26. b4 Ra8 27. g3 f6 28.
Bh3 Rc7 29. bxa5 Rxa5 30. Bb4 Ra8 31. Bd6 Rb7 32. c4 h5 33. c5 Nd5 34. Bg2 Rd7
35. Reb1 bxc5 36. Bxc5 Ne5 37. a5 Nc3 38. Re1 Ra6 39. Re3 Nb5 40. Bb6 Nd4 41.
Rc1 g4 42. Bf1 Ra8 43. Kg2 Ndf3 44. h4 Rd2 45. Re2 Rd5 46. Ra2 Nd3 47. Bxd3 Rxd3
48. a6 Ne5 49. a7 Rb3 50. Bd4 Nf3 51. Be3 Ne5 52. Raa1 Kg6 53. Rcb1 Rb5 54. Rxb5
cxb5 55. Rb1 Nc4 56. Bc5 1-0

[Event "11th Hainan Danzhou GM"]
[Site "chess.com INT"]
[Date "2020.12.08"]
[Round "12.1"]
[White "Wang, Hao"]
[Black "Grischuk, Alexander"]
[Result "1/2-1/2"]
[WhiteTitle "GM"]
[BlackTitle "GM"]
[WhiteElo "2763"]
[BlackElo "2777"]
[WhiteFideId "8602883"]
[BlackFideId "4126025"]
[EventDate "2020.12.03"]

1. d4 Nf6 2. c4 e6 3. Nc3 Bb4 4. Qc2 O-O 5. a3 Bxc3+ 6. Qxc3 d5 7. Bg5 c5 8.
dxc5 d4 9. Qf3 Nbd7 10. e3 h6 11. Bxf6 Nxf6 12. O-O-O e5 13. Ne2 d3 14. Nc3 Bg4
15. Rxd3 Qa5 16. Qg3 Qxc5 17. e4 Be6 18. Rd2 Rfc8 19. Kb1 b5 20. Qe3 Qxe3 21.
fxe3 Bxc4 22. Bxc4 Rxc4 23. Nxb5 Nxe4 24. Rd5 a6 25. Nd6 Nxd6 26. Rxd6 Re4 27.
Rd3 Rg4 28. Rd2 Re4 29. Rd3 Rg4 30. Rd2 Re4 31. Rd3 1/2-1/2

[Event "11th Hainan Danzhou GM"]
[Site "chess.com INT"]
[Date "2020.12.08"]
[Round "12.2"]
[White "Ding, Liren"]
[Black "Yu, Yangyi"]
[Result "1-0"]
[WhiteTitle "GM"]
[BlackTitle "GM"]
[WhiteElo "2791"]
[BlackElo "2709"]
[WhiteFideId "8603677"]
[BlackFideId "8603820"]
[EventDate "2020.12.03"]

1. d4 d5 2. c4 c6 3. Nc3 Nf6 4. e3 Nbd7 5. Nf3 e6 6. Be2 Bd6 7. O-O O-O 8. b3 b6
9. a4 a5 10. Bb2 Bb7 11. Bd3 Qe7 12. Qc2 Rac8 13. e4 e5 14. Rfe1 dxc4 15. Bxc4
g6 16. Rad1 exd4 17. Nxd4 Ne5 18. h3 Rfd8 19. Re3 Bc5 20. Nce2 b5 21. Bd3 bxa4
22. bxa4 Nxd3 23. Rexd3 Nxe4 24. Re3 Bxd4 25. Rxe4 Qxe4 26. Qxe4 Bxb2 27. Rb1
Rd2 28. Ng3 Rcd8 29. Nf1 Rd1 30. Rxd1 Rxd1 31. Qe8+ Kg7 32. Qe2 Rb1 33. Qc2
Rxf1+ 34. Kxf1 Bd4 35. Qd2 c5 36. Qxa5 Bc6 37. Qa6 Bd5 38. a5 Be6 39. Qb6 Bc4+
40. Kg1 1-0

[Event "11th Hainan Danzhou GM"]
[Site "chess.com INT"]
[Date "2020.12.09"]
[Round "13.1"]
[White "Rapport, Richard"]
[Black "Wang, Hao"]
[Result "1/2-1/2"]
[WhiteTitle "GM"]
[BlackTitle "GM"]
[WhiteElo "2759"]
[BlackElo "2763"]
[WhiteFideId "738590"]
[BlackFideId "8602883"]
[EventDate "2020.12.03"]

1. Nf3 d5 2. g3 Nd7 3. d4 b5 4. Bf4 e6 5. e3 a6 6. Nbd2 c5 7. c3 Ngf6 8. Bd3 Bb7
9. h4 h6 10. h5 Rc8 11. Qe2 Ne4 12. Ne5 Nxe5 13. Bxe5 Nd6 14. a4 Nc4 15. axb5
Nxe5 16. dxe5 c4 17. Bc2 d4 18. Be4 Bxe4 19. Nxe4 d3 20. Qg4 axb5 21. Nd6+ Bxd6
22. Qxg7 d2+ 23. Kd1 Bf8 24. Qxh8 Ra8 25. Rxa8 Qxa8 26. Rh4 Qf3+ 27. Kxd2 Qxf2+
28. Kc1 Qxe3+ 29. Kb1 Qd3+ 30. Kc1 Qe3+ 31. Kb1 b4 32. cxb4 Qd3+ 33. Kc1 c3 34.
bxc3 Qxc3+ 35. Kb1 Qxg3 36. Qf6 Qb3+ 37. Ka1 Qc3+ 38. Ka2 Be7 39. Qh8+ Kd7 40.
Rh2 Qc4+ 41. Kb1 Qxb4+ 42. Rb2 Qe4+ 43. Rc2 Qe1+ 44. Ka2 Qa5+ 45. Kb1 Qb5+ 46.
Ka2 Qa4+ 47. Kb1 Qb3+ 48. Ka1 Qxc2 49. Qd8+ Kxd8 1/2-1/2

[Event "11th Hainan Danzhou GM"]
[Site "chess.com INT"]
[Date "2020.12.09"]
[Round "13.3"]
[White "Giri, Anish"]
[Black "Ding, Liren"]
[Result "1/2-1/2"]
[WhiteTitle "GM"]
[BlackTitle "GM"]
[WhiteElo "2764"]
[BlackElo "2791"]
[WhiteFideId "24116068"]
[BlackFideId "8603677"]
[EventDate "2020.12.03"]

1. Nf3 d5 2. d4 Nf6 3. Bf4 c5 4. e3 Nc6 5. Nbd2 Qb6 6. dxc5 Qxb2 7. Rb1 Qc3 8.
Bb5 g6 9. e4 dxe4 10. Be5 Qxc5 11. Bxf6 exf3 12. Bxh8 fxg2 13. Rg1 Bf5 14. Bd3
O-O-O 15. Rb5 Qd6 16. Rxf5 gxf5 17. Rxg2 Bh6 18. Bc3 Qc5 19. Rg3 Kb8 20. Qa1 e5
21. Nb3 Qd5 22. Bxf5 e4 23. Bxh7 Bf4 24. Rg8 Rxg8 25. Bxg8 Qg5 26. Bxf7 Qg1+ 27.
Ke2 Qg4+ 28. Ke1 Qg1+ 29. Ke2 Qg4+ 30. Ke1 Qg1+ 1/2-1/2

[Event "11th Hainan Danzhou GM"]
[Site "chess.com INT"]
[Date "2020.12.09"]
[Round "13.4"]
[White "Yu, Yangyi"]
[Black "Grischuk, Alexander"]
[Result "1/2-1/2"]
[WhiteTitle "GM"]
[BlackTitle "GM"]
[WhiteElo "2709"]
[BlackElo "2777"]
[WhiteFideId "8603820"]
[BlackFideId "4126025"]
[EventDate "2020.12.03"]

1. d4 Nf6 2. c4 e6 3. Nf3 d5 4. Nc3 Be7 5. Bf4 O-O 6. a3 b6 7. Qc2 c5 8. Rd1 Nc6
9. cxd5 Nxd5 10. dxc5 bxc5 11. e3 Qa5 12. Bc4 Nxf4 13. exf4 Nd4 14. Nxd4 cxd4
15. Rxd4 Qc5 16. Ne2 Bf6 17. Rd2 Bb7 18. O-O Qc6 19. f3 Qc5+ 20. Kh1 Rfc8 21. b3
Qxa3 22. Ng3 Rd8 23. Ne4 Bxe4 24. Qxe4 Rxd2 25. Qxa8+ Rd8 26. Qe4 g6 27. Qe2 Kg7
28. Rd1 Rxd1+ 29. Qxd1 Qa1 30. Qxa1 Bxa1 31. g3 h5 32. h4 Bd4 33. Kg2 Bc5 34.
Ba6 Kf6 35. Bb5 Kg7 36. Ba6 Kf6 37. Bb5 Kg7 38. Ba6 1/2-1/2

[Event "11th Hainan Danzhou GM"]
[Site "chess.com INT"]
[Date "2020.12.09"]
[Round "14.1"]
[White "Wang, Hao"]
[Black "Yu, Yangyi"]
[Result "1-0"]
[WhiteTitle "GM"]
[BlackTitle "GM"]
[WhiteElo "2763"]
[BlackElo "2709"]
[WhiteFideId "8602883"]
[BlackFideId "8603820"]
[EventDate "2020.12.03"]

1. d4 d5 2. c4 c6 3. Nf3 Nf6 4. e3 Bf5 5. Nc3 e6 6. Nh4 Bg6 7. Nxg6 hxg6 8. Rb1
Nbd7 9. c5 a5 10. a3 Qb8 11. g3 Be7 12. b4 axb4 13. axb4 b5 14. Bg2 O-O 15. O-O
Ra6 16. f4 Nh7 17. g4 f5 18. g5 Nxg5 19. fxg5 Bxg5 20. Qf3 Nf6 21. Qg3 Ng4 22.
Qxb8 Rxb8 23. Re1 Rba8 24. h3 Nf6 25. Bb2 Kf7 26. Kf1 Ne4 27. Bxe4 dxe4 28. Ke2
Rh8 29. Rh1 Bf6 30. Bc1 g5 31. Bd2 Ra3 32. Kf2 Rha8 33. Kg2 Ke7 34. Rhc1 Kd7 35.
Rc2 Kc8 36. Rbb2 Kb7 37. Ra2 Rb3 38. Rxa8 Kxa8 39. Ra2+ Kb7 40. Kf2 Be7 41. Ke2
Bd8 42. Ra1 Bf6 43. Ra2 Bd8 44. Kd1 Bf6 45. Ne2 f4 46. Kc2 Rd3 47. Nc1 fxe3 48.
Bc3 1-0

[Event "11th Hainan Danzhou GM"]
[Site "chess.com INT"]
[Date "2020.12.09"]
[Round "14.2"]
[White "Grischuk, Alexander"]
[Black "Giri, Anish"]
[Result "1/2-1/2"]
[WhiteTitle "GM"]
[BlackTitle "GM"]
[WhiteElo "2777"]
[BlackElo "2764"]
[WhiteFideId "4126025"]
[BlackFideId "24116068"]
[EventDate "2020.12.03"]

1. e4 e5 2. Nf3 Nc6 3. Bb5 Nf6 4. O-O Nxe4 5. Re1 Nd6 6. Nxe5 Be7 7. Bf1 Nxe5 8.
Rxe5 O-O 9. d4 Bf6 10. Re1 Re8 11. Bf4 Rxe1 12. Qxe1 Ne8 13. c3 d5 14. Bd3 g6
15. Nd2 Ng7 16. Qe2 c6 17. Re1 Bf5 18. Bxf5 Nxf5 19. Nf3 Ng7 20. Be5 Bxe5 21.
Nxe5 Qd6 22. Qf3 f6 23. Nd3 Re8 24. Rxe8+ Nxe8 25. Qe3 Ng7 26. g3 g5 27. a4 Kf7
28. a5 Qe7 29. Qf3 h5 30. a6 Kg6 31. Nb4 Nf5 32. Qd3 bxa6 33. Nxc6 Qe1+ 34. Kg2
Qe6 35. Na5 g4 36. Kf1 Qb6 37. b4 Qb5 38. Ke2 Kf7 39. Nb3 Nd6 40. Nc5 f5 41. Kd2
Ne4+ 42. Nxe4 fxe4 43. Qe3 Kg6 44. Ke1 Qc4 45. Qc1 Qd3 46. Qd2 Qc4 47. Qc1 Qd3
48. Qd2 Qc4 49. Qc1 1/2-1/2

[Event "11th Hainan Danzhou GM"]
[Site "chess.com INT"]
[Date "2020.12.09"]
[Round "14.3"]
[White "Ding, Liren"]
[Black "Topalov, Veselin"]
[Result "1/2-1/2"]
[WhiteTitle "GM"]
[BlackTitle "GM"]
[WhiteElo "2791"]
[BlackElo "2735"]
[WhiteFideId "8603677"]
[BlackFideId "2900084"]
[EventDate "2020.12.03"]

1. c4 g6 2. e4 e5 3. d4 Nf6 4. Nf3 exd4 5. e5 Bb4+ 6. Bd2 Qe7 7. Bxb4 Qxb4+ 8.
Qd2 Qxd2+ 9. Nbxd2 Nh5 10. Nxd4 b6 11. Be2 Bb7 12. Bxh5 gxh5 13. f3 Na6 14. Nf1
O-O-O 15. Ng3 Rde8 16. Kf2 Rxe5 17. Rhe1 f6 18. h4 Nb4 19. Red1 Rhe8 20. Rd2 a5
21. b3 Na6 22. Nde2 d5 23. Rc1 dxc4 24. Rxc4 Nc5 25. Nf4 Ba6 26. Rc3 Rd8 27.
Rxd8+ Kxd8 28. Ngxh5 Ke7 29. g4 Bc8 30. Kg3 Bd7 31. a3 c6 32. b4 axb4 33. axb4
Na6 34. Rc4 c5 35. bxc5 Nxc5 36. Rd4 Bc6 37. Ng7 Kf7 38. Nf5 Ne6 39. Nxe6 Rxe6
40. h5 b5 41. Rd8 Re8 42. Rd6 Re6 43. Rd4 Re5 44. Rd8 Re8 45. Rd6 Re6 46. Rd8
Re8 1/2-1/2